000 00343nam a22001337a 4500
008 181204b xxu||||| |||| 00| 0 eng d
020 _a0812108981
041 _aeng
080 _a610
100 _a3
101 _aSHM
245 _aTechnological Basic Of Radiation Therpy Practical Clinical Applicatioh
_cLevitt.S H
942 _2udc
_cBK
999 _c52775
_d52775